Loading...
Annual report 2008-09
| Other Authors: | |
|---|---|
| Format: | Report |
| Published: |
Karnal
Directorate of wheat research
2008
|
| LEADER | 00452nam a22001457a 4500 | ||
|---|---|---|---|
| 003 | OSt | ||
| 082 | |a DWR |b AR 2008-09 | ||
| 245 | |a Annual report 2008-09 | ||
| 260 | |a Karnal |b Directorate of wheat research |c 2008 | ||
| 300 | |a 88 | ||
| 546 | |a English | ||
| 700 | |a Singh ss,saharan ms | ||
| 942 | |2 ddc |c REP | ||
| 999 | |c 155226 |d 155226 | ||
| 952 | |0 0 |1 0 |2 ddc |4 0 |6 DWR_AR_200809 |7 1 |9 154289 |a KAUCLV |b KAUCLV |c REPORTS |d 2017-04-19 |o DWR AR 2008-09 |p 808312 |r 2017-04-19 |w 2017-04-19 |y REP | ||